[Event "TUR-chT Clubs"]
[Site "Konya"]
[Date "2019.07.19"]
[Round "6.23"]
[White "Yarici, Ferhat Oguzhan"]
[Black "Salli, Muhammed Enes"]
[Result "1/2-1/2"]
[WhiteElo "1254"]
[BlackElo "1005"]
[PlyCount "74"]
[EventDate "2019.07.16"]
[EventType "team-swiss"]
[EventRounds "9"]
[EventCountry "TUR"]
[SourceTitle "CBM 191 Extra"]
[Source "ChessBase"]
[SourceDate "2019.09.30"]
[SourceVersion "1"]
[SourceVersionDate "2019.09.30"]
[SourceQuality "1"]
[WhiteTeam "Tokat Ozgem Grup"]
[BlackTeam "Avanos Genclik"]
[WhiteTeamCountry "TUR"]
[BlackTeamCountry "TUR"]

1. d4 d5 2. Nf3 Nf6 3. c4 c6 4. Nc3 e6 5. Bg5 Bb4 6. e3 Qa5 7. Qc2 Ne4 8. Rc1 Qxa2 9. Bd3 Bxc3+ 10. bxc3 Qxc2 11. Rxc2 Nxg5 12. Nxg5 h6 13. Nf3 Nd7 14. 0-0 b6 15. cxd5 cxd5 16. Ra1 a5 17. Bb5 Ba6 18. Bxd7+ Kxd7 19. Ne5+ Ke7 20. Rb2 Rhc8 21. Rxb6 Rxc3 22. h3 Bc8 23. Nc6+ Kd7 24. Nxa5 Rc7 25. Rb5 Rca7 26. Rc5 Bb7 27. Rac1 Rxa5 28. Rc7+ Ke8 29. Rxb7 Ra1 30. Rxa1 Rxa1+ 31. Kh2 Ra2 32. Kg3 Rc2 33. Kf3 Ra2 34. g4 Kf8 35. h4 g6 36. Kg3 Kg7 37. g5 h5 1/2-1/2

[Event "TUR-chT Clubs"]
[Site "Konya"]
[Date "2019.07.16"]
[Round "1.7"]
[White "Cakir, Ege"]
[Black "Yarici, Ferhat Oguzhan"]
[Result "1-0"]
[WhiteElo "1765"]
[BlackElo "1254"]
[PlyCount "91"]
[EventDate "2019.07.16"]
[EventType "team-swiss"]
[EventRounds "9"]
[EventCountry "TUR"]
[SourceTitle "CBM 191 Extra"]
[Source "ChessBase"]
[SourceDate "2019.09.30"]
[SourceVersion "1"]
[SourceVersionDate "2019.09.30"]
[SourceQuality "1"]
[WhiteTeam "Deniz Genclik"]
[BlackTeam "Tokat Ozgem Grup"]
[WhiteTeamCountry "TUR"]
[BlackTeamCountry "TUR"]

1. d4 e6 2. Nf3 Nf6 3. Bg5 Be7 4. e3 d5 5. Bd3 Nbd7 6. Nbd2 0-0 7. 0-0 c6 8. c3 h6 9. Bxf6 Nxf6 10. Ne5 c5 11. f4 cxd4 12. exd4 Nd7 13. Ndf3 Bd6 14. Nxd7 Bxd7 15. Ne5 f5 16. Qe2 a6 17. Rae1 Rf6 18. a3 b5 19. Qc2 Be8 20. Be2 Rc8 21. Nd3 Qb6 22. Qd2 g6 23. b4 Qc7 24. Nc5 Bxc5 25. dxc5 Bc6 26. Qd4 Kf7 27. Bd3 Re8 28. Re5 Qd7 29. Bc2 Rd8 30. Bb3 Qb7 31. Ra1 Qd7 32. Rd1 Qb7 33. c4 bxc4 34. Bxc4 Rd7 35. Bd3 Bb5 36. Rc1 Qc6 37. Re3 Bxd3 38. Rxd3 g5 39. fxg5 hxg5 40. Rh3 Kg6 41. Rh6+ Kxh6 42. Qxf6+ Kh5 43. Re1 Qc7 44. Rxe6 Rf7 45. Qh6+ Kg4 46. Qh3+ 1-0